00409 a2200109 4500001001000000005001700010008004100027245008300068100002600151773010500177999001700282ART_2594820260410161935.0260409a 10aCrisis de liquidez y default estratégico en el servicio de la deuda soberana1 aFernández, Roque B.0 tAnales de la Academia Nacional de Ciencias Económicasg- Vol. XLVIII, (2003) (ene. 2004)wREV25596 c28944d28944